<?xml version="1.0" encoding="UTF-8"?>
<record
    xmlns:xsi="http://www.w3.org/2001/XMLSchema-instance"
    xsi:schemaLocation="http://www.loc.gov/MARC21/slim http://www.loc.gov/standards/marcxml/schema/MARC21slim.xsd"
    xmlns="http://www.loc.gov/MARC21/slim">

  <leader>01881nam a2200265 i 4500</leader>
  <controlfield tag="003">DO-SdBNP</controlfield>
  <controlfield tag="005">20250527145528.0</controlfield>
  <controlfield tag="007">ta</controlfield>
  <controlfield tag="008">250527b2024    dr ||||| |||| 00| 0 spa d</controlfield>
  <datafield tag="020" ind1=" " ind2=" ">
    <subfield code="a">9789945637526</subfield>
  </datafield>
  <datafield tag="040" ind1=" " ind2=" ">
    <subfield code="a">DO-SdBNP</subfield>
    <subfield code="b">spa</subfield>
    <subfield code="c">BNPHU</subfield>
    <subfield code="e">rda</subfield>
  </datafield>
  <datafield tag="082" ind1=" " ind2=" ">
    <subfield code="a">xxxx</subfield>
    <subfield code="b">Z26</subfield>
    <subfield code="2">22</subfield>
  </datafield>
  <datafield tag="100" ind1="1" ind2=" ">
    <subfield code="a">Zamparelli, Mar&#xED;a</subfield>
    <subfield code="e">autora</subfield>
    <subfield code="4">aut.</subfield>
    <subfield code="9">87323</subfield>
  </datafield>
  <datafield tag="245" ind1="1" ind2="0">
    <subfield code="a">Unj&#xFA; :</subfield>
    <subfield code="b">[novela de cr&#xF3;nicas sub urbanas en el Caribe]</subfield>
    <subfield code="c">Mar&#xED;a Zamparelli</subfield>
  </datafield>
  <datafield tag="264" ind1=" " ind2=" ">
    <subfield code="a">San Juan, Puerto Rico :</subfield>
    <subfield code="b">Editorial Isla Negra,</subfield>
    <subfield code="b">Lectura editorial, </subfield>
    <subfield code="c">2024.</subfield>
  </datafield>
  <datafield tag="300" ind1=" " ind2=" ">
    <subfield code="a">102 p&#xE1;ginas ;</subfield>
    <subfield code="c">22 cm.</subfield>
  </datafield>
  <datafield tag="336" ind1=" " ind2=" ">
    <subfield code="a">texto</subfield>
    <subfield code="b">txt</subfield>
    <subfield code="2">rdacontent</subfield>
  </datafield>
  <datafield tag="337" ind1=" " ind2=" ">
    <subfield code="a">sin mediaci&#xF3;n</subfield>
    <subfield code="b">n</subfield>
    <subfield code="2">rdamedia</subfield>
  </datafield>
  <datafield tag="338" ind1=" " ind2=" ">
    <subfield code="a">volumen</subfield>
    <subfield code="b">nc</subfield>
    <subfield code="2">rdacarrier</subfield>
  </datafield>
  <datafield tag="500" ind1=" " ind2=" ">
    <subfield code="a">Incluye datos biograf&#xED;cos de la autora en la solapa de la portada. </subfield>
  </datafield>
  <datafield tag="520" ind1=" " ind2=" ">
    <subfield code="a">Si bien es cierto que Mar&#xED;a Zamparelli tiene acostumbrados a sus lectores a las novelas situadas en el siglo XV, lo que pudi&#xE9;ramos llamar el primer imperio en el Caribe, en esta nueva entrega nos ofrece la historia de una dinast&#xED;a de estadounidenses, cazadores de influencias y negocios, quienes llegaron a la isla a partir de la invasi&#xF3;n de 1898. La saga comienza con Henry T. Johnston en la primera d&#xE9;cada del siglo XX, quien aprovechar&#xE1; la fluidez del gobierno provisional para agenciarse influencias y negocios. A &#xE9;l lo seguir&#xE1;n Tony, Axel, Gaby culminando en el 2023 con Dom Venturi. Cada uno de esos entrepreneurs ofrecer&#xE1; un negocio redondo, una propuesta econ&#xF3;mica, como una panacea venida de un olimpo, que solucionar&#xE1; las carencias e injusticias que se suceder&#xE1;n, una tras otra, en la Isla. La autora narra en lenguaje coloquial, salpicado de humor, y en algunos casos, de cinismo e iron&#xED;a, la incidencia de la casta de hombres a quienes Manuel Zeno Gand&#xED;a sagazmente denomin&#xF3; redentores.</subfield>
  </datafield>
  <datafield tag="590" ind1=" " ind2=" ">
    <subfield code="a">Inventariado, 2025/ YL</subfield>
  </datafield>
  <datafield tag="910" ind1=" " ind2=" ">
    <subfield code="a">YLockward</subfield>
  </datafield>
  <datafield tag="942" ind1=" " ind2=" ">
    <subfield code="2">ddc</subfield>
    <subfield code="c">LBS1</subfield>
  </datafield>
  <datafield tag="952" ind1=" " ind2=" ">
    <subfield code="0">0</subfield>
    <subfield code="1">0</subfield>
    <subfield code="2">ddc</subfield>
    <subfield code="5">1</subfield>
    <subfield code="7">0</subfield>
    <subfield code="8">PD</subfield>
    <subfield code="a">BNPHU</subfield>
    <subfield code="b">BNPHU</subfield>
    <subfield code="c">CT</subfield>
    <subfield code="d">2025-02-05</subfield>
    <subfield code="e">Dep&#xF3;sito Legal</subfield>
    <subfield code="l">0</subfield>
    <subfield code="o">BNPHU PD xxxx Z26</subfield>
    <subfield code="p">2025-2534</subfield>
    <subfield code="r">2025-04-03</subfield>
    <subfield code="w">2025-04-03</subfield>
    <subfield code="y">LBS1</subfield>
  </datafield>
  <datafield tag="952" ind1=" " ind2=" ">
    <subfield code="0">0</subfield>
    <subfield code="1">0</subfield>
    <subfield code="2">ddc</subfield>
    <subfield code="5">1</subfield>
    <subfield code="7">0</subfield>
    <subfield code="8">PD</subfield>
    <subfield code="a">BNPHU</subfield>
    <subfield code="b">BNPHU</subfield>
    <subfield code="c">CT</subfield>
    <subfield code="d">2025-02-05</subfield>
    <subfield code="e">Dep&#xF3;sito Legal</subfield>
    <subfield code="l">0</subfield>
    <subfield code="o">BNPHU PD xxxx Z26</subfield>
    <subfield code="p">2025-2536</subfield>
    <subfield code="r">2025-04-03</subfield>
    <subfield code="t">e.2</subfield>
    <subfield code="w">2025-04-03</subfield>
    <subfield code="y">LBS1</subfield>
  </datafield>
  <datafield tag="952" ind1=" " ind2=" ">
    <subfield code="0">0</subfield>
    <subfield code="1">0</subfield>
    <subfield code="2">ddc</subfield>
    <subfield code="5">6</subfield>
    <subfield code="7">0</subfield>
    <subfield code="8">DS</subfield>
    <subfield code="a">BNPHU</subfield>
    <subfield code="b">BNPHU</subfield>
    <subfield code="c">CT</subfield>
    <subfield code="d">2025-02-05</subfield>
    <subfield code="e">Dep&#xF3;sito Legal</subfield>
    <subfield code="l">0</subfield>
    <subfield code="o">BNPHU DS xxxx Z26</subfield>
    <subfield code="p">2025-2537</subfield>
    <subfield code="r">2025-04-03</subfield>
    <subfield code="t">e.3</subfield>
    <subfield code="w">2025-04-03</subfield>
    <subfield code="y">LBS1</subfield>
  </datafield>
  <datafield tag="999" ind1=" " ind2=" ">
    <subfield code="c">58593</subfield>
    <subfield code="d">58593</subfield>
  </datafield>
</record>
